| 000 | 00483nam a2200181Ia 4500 | ||
|---|---|---|---|
| 008 | 230718s9999 xx 000 0 und d | ||
| 041 | _aeng | ||
| 082 |
_a005.2682 _bMIC |
||
| 100 |
_aMicrosoft _9109114 |
||
| 245 | _aMicrosoft MS DOS Programmer's Reference | ||
| 250 | _aREVISE | ||
| 260 |
_c1993 _bMicrosoft Press |
||
| 300 |
_a512 _dRef 156 C (4827) |
||
| 365 |
_cRs. _b672.00 |
||
| 500 | _a156 C | ||
| 700 |
_aMicrosoft _9109114 |
||
| 906 |
_dB:373322-Apr-1995 _cCOMP _b100.8 |
||
| 999 |
_c293722 _d293722 |
||